000 02015nam a2200373 a 4500
003 BLK
005 20250731143539.0
008 240313b bul|||||r ||||||| ||bul||
020 _a9789543988334
040 _aBLK
041 _aBUL
_cBUL
080 _aИзкуствен интелект
_b004.8
_z004.8
_9231509
080 _aАвтоматични системи без човек-оператор. Автомати. Роботи. Изкуствен интелект и др. п.
_b007.52
_z007.52
_9226542
080 _aМеждународни политически отношения. Световна политика. Международна политика. Дипломация
_b327
_x(100)(091)
_z327(100)(091)
_9234387
100 1 _aКисинджър, Хенри Алфред
_979299
245 1 0 _aЕрата на изкуствения интелект и нашето човешко бъдеще
_cХенри Кисинджър, Ерик Шмит, Даниел Хутенлохер ; прев. от англ. Ивайло Данаилов
257 _aUSA
260 _aСофия
_bТруд
_c2024
_f(В. Търново : Абагар)
_9209481
300 _a183 с.
_c23 см
380 _a0
490 _aПоредица Нобелисти
500 _aОриг. загл.: The Age of A. I. and our Human Future / Henry A. Kissinger, Eric Schmidt, Daniel Huttenlocher. - Биогр. данни за авт.
650 0 _aИзкуствен интелект - социални проблеми
_9489552
650 0 _aМеждународна политика
_9254556
700 _aДанаилов, Ивайло
_9252627
700 _aШмит, Ерик
_9408415
700 _aХутенлохер, Даниел
_9496918
852 _bП
_c004/К 60 Х
856 4 _qpdf
856 4 _qpdf
942 _cKNG
_n0
_03
944 _cГеновева Генчева
_k30576
_lЦветомила Тодорова
_a30560
999 _c525117
_d525117